000 01200nam a22002657a 4500
005 20170124102945.0
010 _aA-968141
020 _c125.00
035 _aA-968141
037 _bCen Lib/Ret
040 _aDPL
_bHN
082 _a822
_bवेकिट
100 _aवेकिट, सेम्युअल
_949597
245 _aगर्दो के इंतजार में और आखरी खेल /
_cसेम्युअल वेकिट ; अनुवादक कृषण बलदेव वैद
246 _aGardo ke intzar me or aakhiri khail
_b by Samuel Beckett anuvadak Krishan Baldev Vaid
260 _aदिल्ली
_bराजपाल एंड संस
_c1999
270 _aकश्मीरी गेट
_bदिल्ली
_e110006
300 _a165पृष्ठ.
_c20सेमी(सजिल्द)
650 _aअंग्रेजी लिटरेचर
_949598
650 _aअंग्रेजी नाटक
_949599
650 _aEnglish Literature
_949600
650 _aEnglish Drama
_949601
700 _a वैद, कृषण बलदेव
_943371
942 _2ddc
_cHN
_h822
_mवेकिट
999 _c112885
_d112885